Pipe night / (Record no. 21317)
[ view plain ]
| 000 -LEADER | |
|---|---|
| fixed length control field | 00603nam a22002052i 4500 |
| 001 - CONTROL NUMBER | |
| control field | 21317 |
| 003 - CONTROL NUMBER IDENTIFIER | |
| rucl marc code | BD-RjUL |
| 005 - DATE AND TIME OF LATEST TRANSACTION | |
| control field | 20211209000654.0 |
| 008 - FIXED-LENGTH DATA ELEMENTS--GENERAL INFORMATION | |
| fixed length control field | 140304r19691946enk 000 1 eng d |
| 035 ## - SYSTEM CONTROL NUMBER | |
| System control number | (BD-RjUL)21381 |
| -- | OCLC ocm06848414 from D960621M |
| 040 ## - CATALOGING SOURCE | |
| Original cataloging agency | KSU |
| Transcribing agency | KSU |
| Modifying agency | EQO |
| -- | BD-RjUL |
| Language of cataloging | eng |
| 041 ## - LANGUAGE CODE | |
| Language code of text/sound track or separate title | eng |
| 082 00 - DEWEY DECIMAL CLASSIFICATION NUMBER | |
| Edition number | 22 |
| Classification number | 813.0108 |
| Author mark and year | OHP 1969 |
| 100 1# - MAIN ENTRY--PERSONAL NAME | |
| Personal name | O'Hara, John, |
| Dates associated with a name | 1905-1970. |
| 9 (RLIN) | 56511 |
| 245 10 - TITLE STATEMENT | |
| Title | Pipe night / |
| Statement of responsibility, etc. | John O'Hara |
| 260 ## - PUBLICATION, DISTRIBUTION, ETC. (IMPRINT) | |
| Place of publication, distribution, etc. | London : |
| Name of publisher, distributor, etc. | Faber & Faber, |
| Date of publication, distribution, etc. | 1946 [Reprinted 1969]. |
| 300 ## - PHYSICAL DESCRIPTION | |
| Pagination | 194 p. ; |
| Size | 19 cm |
| 650 #0 - SUBJECT ADDED ENTRY--TOPICAL TERM | |
| Topical term or geographic name as entry element | short stories, |
| Geographic subdivision | American. |
| 9 (RLIN) | 65910 |
| 942 ## - ADDED ENTRY ELEMENTS (KOHA) | |
| Source of classification or shelving scheme | Dewey Decimal Classification |
| Koha item type | Books |
| Lost status | Source of classification or shelving scheme | Damaged status | Not for loan | Collection code | Permanent Location | Current Location | Shelving location | Date acquired | Source of acquisition | Cost, normal purchase price | Total Checkouts | Full call number | Date last seen | Copy number | Koha item type |
|---|---|---|---|---|---|---|---|---|---|---|---|---|---|---|---|
| Dewey Decimal Classification | Added to bundle | Fiction | Central Library, University of Rajshahi | Central Library, University of Rajshahi | Reading Room | 03/05/1975 | N/A | 0.00 | 813.0108 OHP 1969 | 04/03/2014 | C-1 | Books |